000 00999nam a2200229Ii 4500
003 JO-AjNU
008 230605s9999||||xx |||||||||||||| ||und||
017 _a2012/9/3615
020 _a978-9957-30-486-7
040 _aJO-AjNU
_bara
_erda
_cJO-AjNU
041 _aara
050 1 4 _aPN4775.A93 2014
100 3 _aالعزوني، أسعد,
_eauthor
_948190
245 0 0 _aمشاوير الزمن الناري: حوارات في التاريخ والفكر والسياسة مع: بهجت أبو غربية، يعقوب زيادين، رؤوف أبو جابر، ناصيف عواد، مجلي نصراوين، حنين زعبي، عطا الله حنا، هشام البستاني
250 _aط1
264 3 1 _aعمان: فضاءات للنشر والتوزيع، 2014
300 _a241ص
336 _atext
_btxt
_2rdacontent
337 _aunmediated
_bn
_2rdamedia
338 _avolume
_bnc
_2rdacarrier
650 4 _aالتحرير الصحفي - المقالات - السياسيون
_948191
999 _aA21087
_c24655
_d24655